[Event "Abu Dhabi op-A 30th"]
[White "Akshit, Kumar J"]
[Black "John Veny, Akkarakarn"]
[Site "Abu Dhabi"]
[Round "7"]
[Result "1/2-1/2"]
[Date "2024.08.22"]
[WhiteElo "2137"]
[BlackElo "2322"]
[PlyCount "119"]
[EventDate "2024.08.15"]
[EventType "swiss"]
[EventRounds "9"]
[EventCountry "UAE"]
[SourceTitle "EXT 2025"]
[Source "ChessBase"]
[SourceDate "2024.10.14"]
[SourceVersion "1"]
[SourceVersionDate "2024.10.14"]
[SourceQuality "1"]

1. e4 e6 2. d4 d5 3. Nd2 c5 4. exd5 Qxd5 5. Ngf3 cxd4 6. Bc4 Qd7 7. 0-0 Nc6 8. Nb3 a6 9. Nbxd4 Nxd4 10. Nxd4 Qc7 11. Bb3 Bd6 12. h3 Ne7 13. c3 0-0 14. Re1 b5 15. Bg5 Ng6 16. Bc2 Bb7 17. Be4 Bc5 18. Bxb7 Qxb7 19. Nb3 Bb6 20. Qg4 Rac8 21. Qe4 Qb8 22. Be3 Rc4 23. Qc2 Nf4 24. Bxb6 Qb7 25. f3 Qxb6+ 26. Kh1 b4 27. Re4 Qc7 28. Rc1 Rxe4 29. Qxe4 Nh5 30. Qe3 Ng3+ 31. Kg1 bxc3 32. Rxc3 Qd7 33. Rd3 Qb5 34. f4 Nf5 35. Qe4 Qb6+ 36. Kh2 Qf2 37. Rd2 Qg3+ 38. Kg1 h5 39. Rd3 Qh4 40. Nc5 Rc8 41. b4 a5 42. Kh2 Kh8 43. a3 axb4 44. axb4 Ne7 45. Rd7 Qf6 46. Qf3 Nd5 47. Ne4 Qxf4+ 48. Qxf4 Nxf4 49. Rxf7 Nd5 50. b5 Rb8 51. Ng5 g6 52. Nxe6 Rxb5 53. Rd7 Nf6 54. Rd6 Ne4 55. Rd4 Ng5 56. Nf4 Rb6 57. Rd7 Kg8 58. Kg3 Nf7 59. Nd5 Ra6 60. Rb7 1/2-1/2

[Event "Abu Dhabi op-A 30th"]
[White "John Veny, Akkarakarn"]
[Black "Pattnayak, Nilsu"]
[Site "Abu Dhabi"]
[Round "6"]
[Result "1/2-1/2"]
[Date "2024.08.21"]
[WhiteElo "2322"]
[BlackElo "2154"]
[PlyCount "243"]
[EventDate "2024.08.15"]
[EventType "swiss"]
[EventRounds "9"]
[EventCountry "UAE"]
[SourceTitle "EXT 2025"]
[Source "ChessBase"]
[SourceDate "2024.10.14"]
[SourceVersion "1"]
[SourceVersionDate "2024.10.14"]
[SourceQuality "1"]

1. e4 e5 2. Nf3 Nf6 3. Nxe5 d6 4. Nd3 Nxe4 5. Qe2 Qe7 6. Nf4 Nf6 7. d4 Bf5 8. c3 Nbd7 9. f3 h5 10. h4 0-0-0 11. Nd2 d5 12. Qxe7 Bxe7 13. Be2 Bd6 14. Nf1 Nf8 15. Kf2 Ne6 16. Nd3 c5 17. Be3 cxd4 18. cxd4 Nd7 19. Ng3 Bg6 20. Rhc1+ Kb8 21. Nf1 Bc7 22. Nd2 Rhe8 23. Nb3 Re7 24. Bd2 Rde8 25. Bf1 Bb6 26. Bc3 Bxd3 27. Bxd3 Nf4 28. Bf1 Ne5 29. Rc2 Ned3+ 30. Bxd3 Nxd3+ 31. Kf1 Bc7 32. Nc5 Nxc5 33. dxc5 Bg3 34. Rf2 Bxf2 35. Kxf2 f6 36. Rd1 Rd7 37. Bd4 Kc7 38. b4 Rde7 39. Rd2 Re1 40. b5 Rb1 41. Bb2 d4 42. Bxd4 Rxb5 43. Be3 Re6 44. Bf4+ Kc6 45. Be3 Ra5 46. Rc2 Ra4 47. g3 Kb5 48. Rb2+ Rb4 49. Rd2 Ra6 50. g4 hxg4 51. Rd7 Kc6 52. Rxg7 Rxa2+ 53. Kg3 Ra3 54. Re7 Rbb3 55. Bc1 Rxf3+ 56. Kxg4 Rg3+ 57. Kf5 Raf3+ 58. Bf4 Rg2 59. Rc7+ Kd5 60. Rxb7 Rgf2 61. Rb4 Kxc5 62. Re4 a5 63. h5 Kb5 64. h6 Rh3 65. Kg6 a4 66. Bd6 a3 67. Bxa3 Rxa3 68. Rh4 Rg2+ 69. Kf5 Ra8 70. h7 Rh8 71. Kxf6 Kc5 72. Kf7 Kd6 73. Rh1 Ke5 74. Re1+ Kf5 75. Rf1+ Ke4 76. Re1+ Kf3 77. Rf1+ Ke2 78. Rh1 Rg5 79. Kf6 Rg4 80. Kf7 Kf2 81. Rh5 Kg3 82. Rh1 Kg2 83. Rh5 Rg3 84. Rh6 Rg5 85. Kf6 Rg4 86. Kf7 Kf3 87. Rh3+ Kf4 88. Rh1 Kf5 89. Rh5+ Kf4 90. Rh1 Rg2 91. Rf1+ Ke5 92. Rh1 Rg4 93. Rh5+ Kd6 94. Rh1 Ra4 95. Kg7 Raa8 96. Rd1+ Ke6 97. Re1+ Kf5 98. Rf1+ Kg4 99. Rg1+ Kh3 100. Rh1+ Kg2 101. Rh6 Rab8 102. Rh5 Kg3 103. Rh1 Ra8 104. Rh6 Kg4 105. Rh1 Kg5 106. Rg1+ Kf5 107. Rf1+ Kg4 108. Rg1+ Kh3 109. Rh1+ Kg2 110. Rh6 Rac8 111. Rh5 Kf3 112. Rh1 Ke4 113. Re1+ Kf5 114. Rf1+ Ke6 115. Re1+ Kd5 116. Rd1+ Ke4 117. Re1+ Kd3 118. Rd1+ Ke2 119. Rh1 Rhd8 120. h8Q Rxh8 121. Rxh8 Rxh8 122. Kxh8 1/2-1/2

[Event "Abu Dhabi op-A 30th"]
[White "Ahmad, Al Romaithi"]
[Black "John Veny, Akkarakarn"]
[Site "Abu Dhabi"]
[Round "5"]
[Result "1-0"]
[Date "2024.08.20"]
[WhiteElo "1946"]
[BlackElo "2322"]
[PlyCount "137"]
[EventDate "2024.08.15"]
[EventType "swiss"]
[EventRounds "9"]
[EventCountry "UAE"]
[SourceTitle "EXT 2025"]
[Source "ChessBase"]
[SourceDate "2024.10.14"]
[SourceVersion "1"]
[SourceVersionDate "2024.10.14"]
[SourceQuality "1"]

1. e4 e6 2. d4 d5 3. Nc3 Nf6 4. Bg5 dxe4 5. Nxe4 Be7 6. Nxf6+ Bxf6 7. Bxf6 Qxf6 8. Nf3 0-0 9. Bd3 c5 10. 0-0 cxd4 11. Nxd4 e5 12. Qh5 g6 13. Qf3 Qb6 14. Nb3 Kg7 15. Rfe1 Nc6 16. Be4 f6 17. Rad1 Be6 18. Bd5 Bd7 19. c4 Rad8 20. c5 Qc7 21. Qc3 Ne7 22. Bc4 Bc6 23. Qa5 b6 24. cxb6 axb6 25. Qc3 Rxd1 26. Rxd1 Qb7 27. f3 Nd5 28. Bxd5 Bxd5 29. Qd3 Rd8 30. Nd2 Rd7 31. Ne4 Bc6 32. Nd6 Qa7 33. Qc3 Qa8 34. Qc4 Re7 35. Qb4 Ra7 36. Qxb6 Rd7 37. Rd2 Qa7 38. Qxa7 Rxa7 39. b4 Rd7 40. Kf2 Kf8 41. Ke2 Ke7 42. Nc8+ Ke6 43. Rxd7 Bxd7 44. Nb6 Bb5+ 45. Ke3 Kd6 46. Nc8+ Kc7 47. Ne7 Bc4 48. b5 Bxa2 49. Ke4 Kd6 50. b6 Bb1+ 51. Ke3 Ba2 52. Kd3 Bb1+ 53. Kc3 e4 54. Kd4 f5 55. h4 Bc2 56. h5 exf3 57. gxf3 gxh5 58. Nd5 Kc6 59. Nb4+ Kxb6 60. Nxc2 h4 61. Ne3 f4 62. Nf1 h5 63. Ke4 Kc5 64. Kxf4 Kd4 65. Nh2 Kd3 66. Kg5 Ke3 67. Kxh4 Kf4 68. Kxh5 Kg3 69. Kg5 1-0

[Event "Titled Tuesday intern op 02nd Jul Early"]
[White "Abdilkhair, Abilmansur"]
[Black "John Veny, Akkarakarn"]
[Site "Chess.com INT"]
[Round "3"]
[Result "0-1"]
[Date "2024.07.02"]
[WhiteElo "2370"]
[BlackElo "2322"]
[PlyCount "106"]
[EventDate "2024.07.02"]
[EventType "swiss (blitz)"]
[EventRounds "11"]
[EventCountry "USA"]
[SourceTitle "EXT 2025"]
[Source "ChessBase"]
[SourceDate "2024.10.14"]
[SourceVersion "1"]
[SourceVersionDate "2024.10.14"]
[SourceQuality "1"]

1. Nf3 Nf6 2. c4 e6 3. e3 d5 4. b3 Be7 5. Bb2 0-0 6. Nc3 c5 7. cxd5 exd5 8. d4 Nc6 9. Be2 Ne4 10. 0-0 Bf6 11. Rc1 cxd4 12. Nxd4 Nxd4 13. exd4 Bg5 14. f4 Nxc3 15. Rxc3 Bf6 16. f5 Bd7 17. Rh3 Qb6 18. Rf4 Rfe8 19. Bf1 h6 20. Qg4 Rac8 21. Rxh6 Rc2 22. Qh3 gxh6 23. Rg4+ Bg7 24. Ba3 Qf6 25. Qf3 Re4 26. Bd3 Rxg4 27. Qxg4 Qxd4+ 28. Qxd4 Bxd4+ 29. Kf1 Rxa2 30. Bd6 Rf2+ 31. Ke1 Rxg2 32. Be2 Bxf5 33. Bf3 Rg1+ 34. Kd2 Be4 35. Bh5 Rg2+ 36. Ke1 Rg1+ 37. Ke2 Rg5 38. Bf3 Bxf3+ 39. Kxf3 Be5 40. Bc5 b6 41. Be7 f6 42. Ke3 Kf7 43. Bd8 Ke6 44. h3 Rg3+ 45. Kd2 Kf5 46. b4 Ke4 47. Be7 d4 48. b5 Rg2+ 49. Ke1 d3 50. Bb4 Kf3 51. h4 Bf4 52. Kf1 Be3 53. Be1 Rg1# 0-1

[Event "Titled Tuesday intern op 02nd Jul Early"]
[White "John Veny, Akkarakarn"]
[Black "Martinez Alcantara, Jose Eduardo"]
[Site "Chess.com INT"]
[Round "4"]
[Result "0-1"]
[Date "2024.07.02"]
[WhiteElo "2322"]
[BlackElo "2612"]
[PlyCount "102"]
[EventDate "2024.07.02"]
[EventType "swiss (blitz)"]
[EventRounds "11"]
[EventCountry "USA"]
[SourceTitle "EXT 2025"]
[Source "ChessBase"]
[SourceDate "2024.10.14"]
[SourceVersion "1"]
[SourceVersionDate "2024.10.14"]
[SourceQuality "1"]

1. e4 c5 2. Nf3 d6 3. d4 cxd4 4. Nxd4 a6 5. Nc3 e6 6. Be2 Nf6 7. Be3 b5 8. Bf3 e5 9. Nf5 Be6 10. Ng3 Nbd7 11. a4 bxa4 12. Nxa4 Be7 13. 0-0 0-0 14. b3 g6 15. c4 Qc7 16. Qc2 Rfb8 17. Rfc1 Rb7 18. Rab1 Rab8 19. Qd3 Qc6 20. Rd1 Bxc4 21. bxc4 Qxa4 22. Ra1 Qc6 23. c5 Nxc5 24. Bxc5 Qxc5 25. Qxa6 Rb2 26. Rf1 h5 27. Qa7 Qxa7 28. Rxa7 Bd8 29. Ne2 Bb6 30. Ra4 Rc8 31. Rc1 Bxf2+ 32. Kf1 Bc5 33. Ra6 Rcb8 34. Raa1 g5 35. Nc3 Rf2+ 36. Ke1 g4 37. Be2 Rxg2 38. Kd2 Rb2+ 39. Kd3 Rxh2 40. Rf1 Kg7 41. Ra4 Rh3+ 42. Kc4 Rxc3+ 43. Kxc3 Rxe2 44. Ra8 Re3+ 45. Kc4 Rxe4+ 46. Kb5 Rf4 47. Rb1 g3 48. Kc6 g2 49. Ra2 Rg4 50. Re1 g1Q 51. Rxg1 Rxg1 0-1

[Event "Titled Tuesday intern op 02nd Jul Early"]
[White "John Veny, Akkarakarn"]
[Black "Skliarov, Viktor"]
[Site "Chess.com INT"]
[Round "9"]
[Result "0-1"]
[Date "2024.07.02"]
[WhiteElo "2322"]
[BlackElo "2345"]
[PlyCount "86"]
[EventDate "2024.07.02"]
[EventType "swiss (blitz)"]
[EventRounds "11"]
[EventCountry "USA"]
[SourceTitle "EXT 2025"]
[Source "ChessBase"]
[SourceDate "2024.10.14"]
[SourceVersion "1"]
[SourceVersionDate "2024.10.14"]
[SourceQuality "1"]

1. e4 c5 2. Nf3 Nc6 3. d4 cxd4 4. Nxd4 Nf6 5. Nc3 e5 6. Ndb5 d6 7. Bg5 a6 8. Na3 b5 9. Nd5 Be7 10. Bxf6 Bxf6 11. c4 b4 12. Nc2 a5 13. b3 Bg5 14. g3 0-0 15. h4 Bh6 16. Bg2 Be6 17. 0-0 Nb8 18. Nde3 Bxe3 19. Nxe3 Na6 20. Qd2 Nc5 21. Rad1 Ra6 22. Nf5 Bxf5 23. exf5 Qf6 24. Bh3 Rb8 25. Qe3 h6 26. Rd5 a4 27. Rfd1 axb3 28. axb3 Ra3 29. Rxd6 Rxb3 30. Qxc5 Qe7 31. Qd5 Rc3 32. f6 gxf6 33. Rd7 Qxd7 34. Bxd7 b3 35. Bf5 b2 36. Bb1 Rc1 37. c5 Rb5 38. Qd8+ Kg7 39. c6 Rbc5 40. Kg2 Rxc6 41. Be4 f5 42. Bxf5 R6c5 43. Bb1 R5c4 0-1

[Event "Titled Tuesday intern op 02nd Jul Early"]
[White "Novikova, Galina"]
[Black "John Veny, Akkarakarn"]
[Site "Chess.com INT"]
[Round "1"]
[Result "0-1"]
[Date "2024.07.02"]
[WhiteElo "2073"]
[BlackElo "2322"]
[PlyCount "98"]
[EventDate "2024.07.02"]
[EventType "swiss (blitz)"]
[EventRounds "11"]
[EventCountry "USA"]
[SourceTitle "EXT 2025"]
[Source "ChessBase"]
[SourceDate "2024.10.14"]
[SourceVersion "1"]
[SourceVersionDate "2024.10.14"]
[SourceQuality "1"]

1. e4 e6 2. Nf3 d5 3. e5 c5 4. b4 d4 5. bxc5 Bxc5 6. Bd3 Nc6 7. c3 Nge7 8. 0-0 Ng6 9. Re1 0-0 10. a4 b6 11. Na3 Bb7 12. Nc4 Qd7 13. h4 Rad8 14. h5 dxc3 15. hxg6 Qxd3 16. gxh7+ Kh8 17. Nd6 c2 18. Qe2 Qxe2 19. Rxe2 Bxd6 20. exd6 Nb4 21. Ne5 Kxh7 22. Ba3 a5 23. Rc1 f6 24. Nc4 Ba6 25. Bxb4 Bxc4 26. Re4 Bd3 27. Rh4+ Kg8 28. Ba3 Rd7 29. Rd4 Bg6 30. d3 Rc8 31. Rc4 Rxc4 32. dxc4 e5 33. Kf1 Kf7 34. Ke1 Rd8 35. Kd2 Rc8 36. Kc3 Ke6 37. f3 Kd7 38. Rh1 Bf7 39. Kxc2 Rxc4+ 40. Kb2 Rxa4 41. Rh7 Rd4 42. Rxg7 Ke6 43. Kc3 b5 44. Kc2 b4 45. Bb2 Rxd6 46. Rh7 Bg6+ 47. Kb3 Bxh7 48. Ka4 Rd5 49. g3 Bc2# 0-1

[Event "Titled Tuesday intern op 02nd Jul Early"]
[White "Stepanencu, Nicodim Cosmin"]
[Black "John Veny, Akkarakarn"]
[Site "Chess.com INT"]
[Round "5"]
[Result "1-0"]
[Date "2024.07.02"]
[WhiteElo "2296"]
[BlackElo "2322"]
[PlyCount "87"]
[EventDate "2024.07.02"]
[EventType "swiss (blitz)"]
[EventRounds "11"]
[EventCountry "USA"]
[SourceTitle "EXT 2025"]
[Source "ChessBase"]
[SourceDate "2024.10.14"]
[SourceVersion "1"]
[SourceVersionDate "2024.10.14"]
[SourceQuality "1"]

1. e4 e6 2. d4 d5 3. Nc3 Nf6 4. Bg5 dxe4 5. Nxe4 Be7 6. Bxf6 gxf6 7. Nf3 f5 8. Nc3 a6 9. g3 b5 10. Bg2 Bb7 11. Qe2 b4 12. Na4 Qd5 13. 0-0 Qb5 14. Qe5 Qxe5 15. Nxe5 Bxg2 16. Kxg2 Nd7 17. Nc6 Bd6 18. Rfe1 Nf6 19. Rad1 Nd5 20. c4 bxc3 21. bxc3 Kd7 22. Ne5+ Bxe5 23. Rxe5 Nb6 24. Nxb6+ cxb6 25. d5 Ke7 26. dxe6 f6 27. Rd7+ Ke8 28. Rxf5 Rc8 29. Rxf6 Rxc3 30. Ra7 Rc6 31. Rh6 Rc8 32. a4 b5 33. axb5 axb5 34. Rb7 Rg8 35. Rhxh7 Ra8 36. Rxb5 Rc8 37. Rbb7 Ra8 38. h4 Rc8 39. h5 Ra8 40. h6 Rf8 41. Rhg7 Rc8 42. h7 Rc2 43. Rb8+ Rc8 44. Rxc8# 1-0

[Event "Titled Tuesday intern op 04th Jun Early"]
[White "John Veny, Akkarakarn"]
[Black "Belli, Giorgio"]
[Site "Chess.com INT"]
[Round "3"]
[Result "1-0"]
[Date "2024.06.04"]
[WhiteElo "2322"]
[BlackElo "2138"]
[PlyCount "121"]
[EventDate "2024.06.04"]
[EventType "swiss (blitz)"]
[EventRounds "11"]
[EventCountry "USA"]
[SourceTitle "EXT 2025"]
[Source "ChessBase"]
[SourceDate "2024.10.14"]
[SourceVersion "1"]
[SourceVersionDate "2024.10.14"]
[SourceQuality "1"]

1. e4 e5 2. Nf3 Nc6 3. Bb5 Nf6 4. d3 Bc5 5. Bxc6 dxc6 6. 0-0 Nd7 7. Nbd2 0-0 8. Nc4 Re8 9. Bd2 f6 10. b4 Bd6 11. h3 Nb6 12. Na5 Qe7 13. a3 Rb8 14. c4 c5 15. Qc2 Be6 16. Rab1 c6 17. bxc5 Bxc5 18. Nb3 Bxa3 19. c5 Nd7 20. Be3 Kh8 21. d4 Bxb3 22. Qxb3 exd4 23. Nxd4 Bxc5 24. Nf5 Qe6 25. Qd1 Red8 26. Qf3 Bxe3 27. Qxe3 Nb6 28. Qg3 Qf7 29. Rfe1 Rbc8 30. f4 g6 31. Nh6 Qe7 32. Re2 Rd4 33. Rbe1 Re8 34. e5 Nd5 35. e6 Nc7 36. Nf7+ Kg7 37. f5 g5 38. Qe3 Rd5 39. Rf1 Qc5 40. h4 Qxe3+ 41. Rxe3 h6 42. hxg5 hxg5 43. g4 Rd4 44. Rg3 Nd5 45. Nd6 Re7 46. Nc8 Re8 47. Nd6 Re7 48. Nc8 Rc7 49. Nd6 Nf4 50. Ne8+ Kf8 51. Nxc7 Ne2+ 52. Kf2 Nxg3 53. Kxg3 Ke7 54. Rh1 Kd6 55. Rh7 Rd3+ 56. Kf2 Rd2+ 57. Ke3 Rg2 58. Rd7+ Kc5 59. e7 Rxg4 60. Ne6+ Kb6 61. e8Q 1-0

[Event "Titled Tuesday intern op 04th Jun Early"]
[White "John Veny, Akkarakarn"]
[Black "Fedoseev, Vladimir1"]
[Site "Chess.com INT"]
[Round "6"]
[Result "0-1"]
[Date "2024.06.04"]
[WhiteElo "2322"]
[BlackElo "2685"]
[PlyCount "106"]
[EventDate "2024.06.04"]
[EventType "swiss (blitz)"]
[EventRounds "11"]
[EventCountry "USA"]
[SourceTitle "EXT 2025"]
[Source "ChessBase"]
[SourceDate "2024.10.14"]
[SourceVersion "1"]
[SourceVersionDate "2024.10.14"]
[SourceQuality "1"]

1. e4 e6 2. d4 d5 3. Nd2 c5 4. exd5 Qxd5 5. dxc5 Nf6 6. Ngf3 Qxc5 7. Bd3 Nbd7 8. 0-0 Qc7 9. Qe2 Be7 10. Nb3 0-0 11. c4 b6 12. Bg5 Bb7 13. Rfe1 Rad8 14. Rad1 Rfe8 15. Bh4 Bd6 16. Nbd4 a6 17. h3 h6 18. Bb1 Bf4 19. g3 Bd6 20. Qc2 Bc5 21. Qe2 e5 22. Nf5 Qc6 23. Rd5 Nxd5 24. cxd5 Qxd5 25. Bxd8 Rxd8 26. Be4 Qxe4 27. Qxe4 Bxe4 28. Rxe4 g6 29. Nxh6+ Kg7 30. Rh4 Be7 31. Rc4 Kxh6 32. Rc7 Bc5 33. Kg2 e4 34. Nh2 f5 35. Nf1 Ne5 36. Ra7 a5 37. Rc7 Nd3 38. g4 Nf4+ 39. Kh2 Ne2 40. Kg2 f4 41. f3 Rd3 42. h4 exf3+ 43. Kh1 Ng3+ 44. Kh2 Nxf1+ 45. Kh3 f2+ 46. Kg2 Rg3+ 47. Kxf1 Rg1+ 48. Ke2 f1Q+ 49. Kd2 Qd1+ 50. Kc3 Qd4+ 51. Kb3 Rg3+ 52. Kc2 Qd3+ 53. Kc1 Rg1# 0-1

[Event "Titled Tuesday intern op 04th Jun Early"]
[White "John Veny, Akkarakarn"]
[Black "Svane, Rasmus"]
[Site "Chess.com INT"]
[Round "9"]
[Result "0-1"]
[Date "2024.06.04"]
[WhiteElo "2322"]
[BlackElo "2633"]
[PlyCount "92"]
[EventDate "2024.06.04"]
[EventType "swiss (blitz)"]
[EventRounds "11"]
[EventCountry "USA"]
[SourceTitle "EXT 2025"]
[Source "ChessBase"]
[SourceDate "2024.10.14"]
[SourceVersion "1"]
[SourceVersionDate "2024.10.14"]
[SourceQuality "1"]

1. e4 c6 2. Nf3 d5 3. Nc3 dxe4 4. Nxe4 Nf6 5. Qe2 Nxe4 6. Qxe4 Qa5 7. b4 Qd5 8. Qe3 Bf5 9. c4 Qe4 10. Be2 Qxe3 11. fxe3 e6 12. b5 a6 13. Nd4 axb5 14. Nxf5 exf5 15. cxb5 Ba3 16. 0-0 g6 17. Rb1 Nd7 18. bxc6 bxc6 19. Bxa3 Rxa3 20. Bc4 Ra7 21. Rfc1 Ke7 22. d4 Rc8 23. Bb3 Nf6 24. Rc5 Ne4 25. Re5+ Kf6 26. Rc1 h5 27. g3 Rac7 28. Ra5 c5 29. dxc5 Nxc5 30. Bc4 Nd3 31. Rc2 Rxc4 32. Ra6+ Kg5 33. Rd2 Rc1+ 34. Kg2 R8c2 35. h4+ Kh6 36. Rxc2 Rxc2+ 37. Kg1 Ne5 38. a4 Ra2 39. Ra8 Kg7 40. a5 Nc4 41. a6 Nxe3 42. Kh1 Kf6 43. Kg1 f4 44. gxf4 Kf5 45. a7 Kxf4 46. Kh1 Kg3 0-1

[Event "Titled Tuesday intern op 04th Jun Early"]
[White "Kazmin, Semen"]
[Black "John Veny, Akkarakarn"]
[Site "Chess.com INT"]
[Round "4"]
[Result "0-1"]
[Date "2024.06.04"]
[WhiteElo "2179"]
[BlackElo "2322"]
[PlyCount "72"]
[EventDate "2024.06.04"]
[EventType "swiss (blitz)"]
[EventRounds "11"]
[EventCountry "USA"]
[SourceTitle "EXT 2025"]
[Source "ChessBase"]
[SourceDate "2024.10.14"]
[SourceVersion "1"]
[SourceVersionDate "2024.10.14"]
[SourceQuality "1"]

1. c4 e6 2. Nc3 Nf6 3. d4 Bb4 4. a3 Bxc3+ 5. bxc3 0-0 6. f3 d5 7. e3 dxc4 8. Bxc4 c5 9. Ne2 b6 10. 0-0 Ba6 11. Bxa6 Nxa6 12. e4 h6 13. Qa4 Nc7 14. Be3 Qd7 15. Qc2 Qc6 16. Rfc1 Rac8 17. a4 Rfd8 18. Qb3 Nxe4 19. fxe4 Qxe4 20. c4 cxd4 21. Nxd4 Rxd4 22. Bxd4 Qxd4+ 23. Kh1 Ne8 24. a5 Nf6 25. axb6 Ne4 26. Ra2 axb6 27. Qf3 Rxc4 28. Rd1 Qc5 29. Ra8+ Kh7 30. Rf1 f5 31. Re8 Nd2 32. Qe2 Nxf1 33. Rxe6 Ng3+ 34. hxg3 Rc1+ 35. Kh2 Qg1+ 36. Kh3 Qh1# 0-1

[Event "Titled Tuesday intern op 28th May Early"]
[White "Brunner, Nicolas"]
[Black "John Veny, Akkarakarn"]
[Site "Chess.com INT"]
[Round "10"]
[Result "1-0"]
[Date "2024.05.28"]
[WhiteElo "2416"]
[BlackElo "2322"]
[PlyCount "107"]
[EventDate "2024.05.28"]
[EventType "swiss (blitz)"]
[EventRounds "11"]
[EventCountry "USA"]
[SourceTitle "EXT 2025"]
[Source "ChessBase"]
[SourceDate "2024.10.14"]
[SourceVersion "1"]
[SourceVersionDate "2024.10.14"]
[SourceQuality "1"]

1. Nf3 Nf6 2. g3 e6 3. Bg2 d5 4. 0-0 Be7 5. d4 0-0 6. c4 a5 7. b3 a4 8. bxa4 Bd7 9. Nc3 Ne4 10. Nxe4 dxe4 11. Nd2 Bxa4 12. Nb3 f5 13. Bb2 Nc6 14. d5 Na5 15. Rc1 exd5 16. Qxd5+ Qxd5 17. cxd5 Bd6 18. Nd4 Bd7 19. g4 g6 20. gxf5 gxf5 21. Kh1 Kf7 22. Bh3 Be5 23. Ba1 Kf6 24. f4 exf3 25. Rxf3 Ke7 26. Nxf5+ Bxf5 27. Bxe5 Be4 28. Rxc7+ Kd8 29. Rd7+ Ke8 30. Bd6 Bxf3+ 31. exf3 Rf7 32. Rxf7 Kxf7 33. Be6+ Kf6 34. Bb4 Nc4 35. a3 Ke5 36. Kg2 Nxa3 37. Bc3+ Kd6 38. Bb4+ Kc7 39. d6+ Kc6 40. d7 Nb5 41. Be7 Nc7 42. Bf5 Ra2+ 43. Kg3 Rd2 44. d8Q Rxd8 45. Bxd8 Na6 46. Bg5 b5 47. Bxh7 b4 48. h4 b3 49. h5 Nc5 50. h6 Kd5 51. Bb1 Na4 52. h7 Nc3 53. h8Q Nxb1 54. Qb2 1-0

[Event "Titled Tuesday intern op 21st May Early"]
[White "John Veny, Akkarakarn"]
[Black "Bettalli, Francesco"]
[Site "Chess.com INT"]
[Round "9"]
[Result "1-0"]
[Date "2024.05.21"]
[WhiteElo "2322"]
[BlackElo "2341"]
[PlyCount "63"]
[EventDate "2024.05.21"]
[EventType "swiss (blitz)"]
[EventRounds "11"]
[EventCountry "USA"]
[SourceTitle "CBM 220 Extra"]
[Source "ChessBase"]
[SourceDate "2024.07.31"]
[SourceVersion "1"]
[SourceVersionDate "2024.07.31"]
[SourceQuality "1"]

1. c4 g6 2. Nf3 Bg7 3. g3 c5 4. Bg2 Nc6 5. 0-0 Nf6 6. Nc3 0-0 7. d4 cxd4 8. Nxd4 Qb6 9. Nb3 d6 10. e4 Be6 11. Be3 Qd8 12. c5 Ne8 13. Rc1 Rb8 14. Bf4 Be5 15. Bh6 Bg7 16. Bf4 Be5 17. Be3 Bxb3 18. Qxb3 dxc5 19. Bxc5 b6 20. Be3 Nd4 21. Qd1 Nc7 22. f4 Bg7 23. Qd2 Nce6 24. Rfd1 Rc8 25. Qf2 Qc7 26. f5 gxf5 27. exf5 Qc4 28. fxe6 fxe6 29. Qd2 Nf5 30. Nd5 Qxa2 31. Nc3 Qb3 32. Bf2 1-0

[Event "Titled Tuesday intern op 21st May Early"]
[White "John Veny, Akkarakarn"]
[Black "Yoo, Christopher Woojin"]
[Site "Chess.com INT"]
[Round "7"]
[Result "1-0"]
[Date "2024.05.21"]
[WhiteElo "2322"]
[BlackElo "2599"]
[PlyCount "87"]
[EventDate "2024.05.21"]
[EventType "swiss (blitz)"]
[EventRounds "11"]
[EventCountry "USA"]
[SourceTitle "CBM 220 Extra"]
[Source "ChessBase"]
[SourceDate "2024.07.31"]
[SourceVersion "1"]
[SourceVersionDate "2024.07.31"]
[SourceQuality "1"]

1. e4 e5 2. Nf3 Nc6 3. Bb5 a6 4. Ba4 d6 5. 0-0 b5 6. Bb3 Na5 7. d4 exd4 8. Nxd4 Bb7 9. Nf3 Nxb3 10. axb3 Nf6 11. Re1 Be7 12. Nc3 0-0 13. h3 Re8 14. b4 d5 15. Nxd5 Nxd5 16. exd5 Bxb4 17. Rxe8+ Qxe8 18. Qd4 Qe7 19. Bf4 Bc5 20. Qd3 h6 21. Re1 Qd7 22. Rd1 Rd8 23. c4 bxc4 24. Qxc4 Bb6 25. Ne5 Qf5 26. Bg3 Re8 27. Nc6 h5 28. h4 Qg6 29. Rd3 Re4 30. Qc2 Bxc6 31. dxc6 Kh7 32. Qd1 Rg4 33. Kh2 Qxc6 34. Rd5 Qg6 35. Qf3 f6 36. Rf5 c6 37. b3 Bd4 38. Qd3 c5 39. Rxh5+ Kg8 40. Qc4+ Kf8 41. Bd6+ Ke8 42. Qe6+ Kd8 43. Rh8+ Qe8 44. Rxe8# 1-0

[Event "Titled Tuesday intern op 07th May Early"]
[White "Aswath, S."]
[Black "John Veny, Akkarakarn"]
[Site "Chess.com INT"]
[Round "8"]
[Result "1-0"]
[Date "2024.05.07"]
[WhiteElo "2363"]
[BlackElo "2325"]
[PlyCount "93"]
[EventDate "2024.05.07"]
[EventType "swiss (blitz)"]
[EventRounds "11"]
[EventCountry "USA"]
[SourceTitle "EXT 2025"]
[Source "ChessBase"]
[SourceDate "2024.10.14"]
[SourceVersion "1"]
[SourceVersionDate "2024.10.14"]
[SourceQuality "1"]

1. d4 e6 2. e4 d5 3. Bd3 dxe4 4. Bxe4 Nf6 5. Bf3 c5 6. Ne2 Nc6 7. Be3 e5 8. Bxc6+ bxc6 9. dxe5 Qxd1+ 10. Kxd1 Ng4 11. Nd2 Be7 12. h3 Nxe3+ 13. fxe3 0-0 14. Nc3 f6 15. b3 Bf5 16. Rf1 Bg6 17. e4 Rfe8 18. Ke2 c4 19. Nxc4 Bb4 20. Rf3 fxe5 21. a3 Bxc3 22. Rxc3 Bxe4 23. Nd6 Bxg2 24. Nxe8 Rxe8 25. Rg1 Bd5 26. Re3 g6 27. c4 Be6 28. Rd1 Bf5 29. Rd6 e4 30. Rxc6 Kg7 31. Rd6 Kf7 32. b4 Ke7 33. c5 h5 34. Rd4 Kf6 35. c6 Ke5 36. Rc4 Rc8 37. c7 Kd6 38. Rec3 Kd5 39. h4 Kd6 40. Ke3 Kd7 41. Rc6 Ke7 42. a4 Kd7 43. b5 Ke7 44. a5 Ra8 45. c8Q Bxc8 46. Rxc8 Rxc8 47. Rxc8 1-0

[Event "Titled Tuesday intern op 07th May Early"]
[White "John Veny, Akkarakarn"]
[Black "Ibadov, Dashgyn"]
[Site "Chess.com INT"]
[Round "3"]
[Result "1-0"]
[Date "2024.05.07"]
[WhiteElo "2325"]
[BlackElo "2338"]
[PlyCount "83"]
[EventDate "2024.05.07"]
[EventType "swiss (blitz)"]
[EventRounds "11"]
[EventCountry "USA"]
[SourceTitle "EXT 2025"]
[Source "ChessBase"]
[SourceDate "2024.10.14"]
[SourceVersion "1"]
[SourceVersionDate "2024.10.14"]
[SourceQuality "1"]

1. e4 e5 2. Nf3 Nc6 3. Bb5 a6 4. Ba4 Nf6 5. 0-0 b5 6. Bb3 Bc5 7. c3 d6 8. d4 Bb6 9. Be3 Bg4 10. Nbd2 0-0 11. h3 Bxf3 12. Nxf3 exd4 13. cxd4 d5 14. e5 Ne4 15. Rc1 Na5 16. Nd2 Nxb3 17. axb3 f5 18. Nxe4 fxe4 19. Rc6 Qd7 20. Qc2 Rf5 21. Ra1 h6 22. Rg6 Kh7 23. Rc6 Kh8 24. Rc1 a5 25. Qe2 Qf7 26. Qxb5 Rf8 27. Qe2 Kh7 28. R1c2 g5 29. Qg4 h5 30. Qe2 Rg8 31. e6 Qe7 32. Qxh5+ Kg7 33. Qg4 Kg6 34. Qg3 Rh8 35. Qg4 Rh4 36. Qg3 Rhf4 37. Bxf4 Rxf4 38. h4 Bxd4 39. Rxc7 Qxe6 40. R7c6 Bxf2+ 41. Qxf2 Rxf2 42. Kxf2 1-0